书目信息 |
| 题名: |
时间简史
|
|
| 作者: | 霍金 著 ;许明贤 , 吴忠超 译 | |
| 分册: | ||
| 出版信息: | 长沙 湖南科学技术出版社 2018 |
|
| 页数: | 17,190页 | |
| 开本: | 21cm | |
| 丛书名: | 第一推动丛书 | |
| 单 册: | ||
| 中图分类: | P19-49 | |
| 科图分类: | ||
| 主题词: | 时间--普及读物 | |
| 电子资源: | ||
| ISBN: | 978-7-5357-9456-7 | |
| 000 | 01228oam2 2200313 450 | |
| 001 | 3444 | |
| 005 | 20180527155908.30 | |
| 010 | @a978-7-5357-9456-7@dCNY39.00 | |
| 010 | @a978-7-5357-9558-8@bCNY2598.00(全套) | |
| 100 | @a20180513d2018 em y0chiy50 ea | |
| 101 | 1 | @achi@ceng |
| 102 | @aCN@b430000 | |
| 105 | @aa z 000yy | |
| 200 | 1 | @a时间简史@9shi jian jian shi@dA brief history of time@f(英)史蒂芬·霍金(Stephen Hawking)著@g许明贤,吴忠超译@zeng |
| 210 | @a长沙@c湖南科学技术出版社@d2018 | |
| 215 | @a17,190页@c图@d21cm | |
| 225 | 1 | @a第一推动丛书@i宇宙系列@v01 |
| 305 | @a湖南科学技术出版社通过中国台湾博达著作权代理公司获得本书中文简体版中国大陆独家出版发行权 | |
| 330 | @a全书涉及经典力学、电磁学、相对论、量子力学、弦论等多个方面,讲述了宇宙的起源、空间与时间的本质、时间旅行的可能性、物理学的统一等话题。 | |
| 461 | 0 | @12001 @a第一推动丛书 |
| 462 | 0 | @12001 @a宇宙系列 |
| 510 | 1 | @aBrief history of time@zeng |
| 606 | 0 | @a时间@j普及读物 |
| 690 | @aP19-49@v5 | |
| 701 | 0 | @c(英)@a霍金@9huo jin@c(Hawking, Stephen@f1942-2018)@4著 |
| 702 | 0 | @a许明贤@9xu ming xian@f(1947-)@4译 |
| 702 | 0 | @a吴忠超@9wu zhong chao@f(1946-)@4译 |
| 801 | 0 | @aCN@b91MARC@c20180513 |
| 905 | @aMuseLib@dP19-49@e211 | |
| 时间简史=A brief history of time/(英)史蒂芬·霍金(Stephen Hawking)著/许明贤,吴忠超译.-长沙:湖南科学技术出版社,2018 |
| 17,190页:图;21cm.-(第一推动丛书.宇宙系列;01) |
| ISBN 978-7-5357-9456-7:CNY39.00 |
| 全书涉及经典力学、电磁学、相对论、量子力学、弦论等多个方面,讲述了宇宙的起源、空间与时间的本质、时间旅行的可能性、物理学的统一等话题。 |
| ● |
| 相关链接 |
|
|
|
|
正题名:时间简史
索取号:P19-49/211
 
预约/预借
| 序号 | 登录号 | 条形码 | 馆藏地/架位号 | 状态 | 备注 |
| 1 | 1109220 | 211092208 | 第二样本阅览室/ [索取号:P19-49/211] | 在馆 | |
| 2 | 1109221 | 211092217 | 教育系资料室/ [索取号:P19-49/211] | 在馆 | |
| 3 | 1109222 | 211092226 | 教育系资料室/ [索取号:P19-49/211] | 在馆 |